[Event "WC-2016-Q-00012"]
[Site "LSS email"]
[Date "2013.10.22"]
[Round "?"]
[White "Ermolaev, Maksim Andreevich"]
[Black "Krueger, Hilmar"]
[Result "1/2-1/2"]
[WhiteElo "2174"]
[BlackElo "2155"]
[PlyCount "46"]
[EventDate "2013.10.27"]
[EventType "tourn (corr)"]
[EventRounds "12"]
[EventCountry "GER"]
[SourceTitle "Corr 2015"]
[Source "ChessBase"]
[SourceDate "2015.07.17"]
[SourceVersion "1"]
[SourceVersionDate "2015.07.17"]
[SourceQuality "1"]

1. e4 c5 2. Nf3 d6 3. d4 cxd4 4. Nxd4 Nf6 5. Nc3 a6 6. Be3 e5 7. Nb3 Be6 8. h3 Be7 9. f4 Nc6 10. f5 Bxb3 11. axb3 Nb4 12. Bc4 0-0 13. Nd5 Nfxd5 14. Bxd5 Nxd5 15. Qxd5 Bh4+ 16. Kd1 Qe7 17. c3 Rac8 18. b4 Rc6 19. Kc2 Rfc8 20. Kb1 h6 21. Rg1 Bg5 22. Bf2 Qc7 23. Ra3 Be7 1/2-1/2

[Event "WC-2016-Q-00012"]
[Site "LSS email"]
[Date "2013.10.22"]
[Round "?"]
[White "Ermolaev, Maksim Andreevich"]
[Black "Markus, Roland"]
[Result "1/2-1/2"]
[WhiteElo "2174"]
[BlackElo "2232"]
[PlyCount "50"]
[EventDate "2013.10.27"]
[EventType "tourn (corr)"]
[EventRounds "12"]
[EventCountry "GER"]
[SourceTitle "Corr 2015"]
[Source "ChessBase"]
[SourceDate "2015.07.17"]
[SourceVersion "1"]
[SourceVersionDate "2015.07.17"]
[SourceQuality "1"]

1. d4 Nf6 2. c4 e6 3. Nf3 b6 4. g3 Ba6 5. Qa4 c5 6. Bg2 Bb7 7. dxc5 bxc5 8. 0-0 Be7 9. Rd1 0-0 10. Bf4 Qb6 11. Nc3 Rd8 12. Rd2 d6 13. Rad1 Ne8 14. Qb5 Qc7 15. e4 Bc6 16. Qb3 Nd7 17. e5 dxe5 18. Nxe5 Nxe5 19. Rxd8 Rxd8 20. Rxd8 Qxd8 21. Bxe5 Bxg2 22. Kxg2 Bd6 23. Bxd6 Nxd6 24. Ne2 Nf5 25. Qb7 Nd6 1/2-1/2

[Event "WC-2016-Q-00012"]
[Site "LSS email"]
[Date "2013.10.22"]
[Round "?"]
[White "Korchut, Adam"]
[Black "Ermolaev, Maksim Andreevich"]
[Result "0-1"]
[WhiteElo "1792"]
[BlackElo "2174"]
[PlyCount "64"]
[EventDate "2013.10.27"]
[EventType "tourn (corr)"]
[EventRounds "12"]
[EventCountry "GER"]
[SourceTitle "Corr 2015"]
[Source "ChessBase"]
[SourceDate "2015.07.17"]
[SourceVersion "1"]
[SourceVersionDate "2015.07.17"]
[SourceQuality "1"]

1. e4 c5 2. Nf3 d6 3. d4 cxd4 4. Nxd4 Nf6 5. Nc3 a6 6. Bg5 e6 7. f4 Qc7 8. Qf3 b5 9. Bxf6 gxf6 10. e5 d5 11. exf6 b4 12. Nce2 Nd7 13. f5 e5 14. Qxd5 Bb7 15. Ne6 fxe6 16. Qxe6+ Kd8 17. Rd1 Qc6 18. Qxe5 Kc8 19. Qe8+ Kc7 20. f7 b3 21. Nd4 Bb4+ 22. Kf2 bxc2 23. Rc1 Rhxe8 24. fxe8Q Rxe8 25. Nxc6 Be1+ 26. Kg1 Bd2 27. Rxc2 Be3+ 28. Rf2 Bxc6 29. Bxa6 Nc5 30. Kf1 Nxa6 31. Re2 Nb4 32. f6 Bb5 0-1

[Event "CP-2013-P-00001"]
[Site "LSS email"]
[Date "2013.09.30"]
[Round "?"]
[White "Cornell, David"]
[Black "Ermolaev, Maksim Andreevich"]
[Result "1/2-1/2"]
[WhiteElo "1781"]
[BlackElo "2174"]
[PlyCount "49"]
[EventDate "2013.10.01"]
[EventType "tourn (corr)"]
[EventRounds "6"]
[EventCountry "GER"]
[SourceTitle "Corr 2015"]
[Source "ChessBase"]
[SourceDate "2015.07.17"]
[SourceVersion "1"]
[SourceVersionDate "2015.07.17"]
[SourceQuality "1"]

1. Nf3 Nf6 2. g3 g6 3. Bg2 Bg7 4. 0-0 0-0 5. d4 c6 6. c4 d5 7. b3 dxc4 8. bxc4 c5 9. Bb2 Qb6 10. Qb3 Nfd7 11. e3 Nc6 12. Nc3 cxd4 13. Nxd4 Nxd4 14. exd4 Qxb3 15. axb3 Bxd4 16. Rfb1 Rd8 17. Nd5 Bxb2 18. Rxb2 e6 19. Nc7 Rb8 20. Rxa7 Nc5 21. Ra1 Bd7 22. b4 Rdc8 23. bxc5 Rxc7 24. Rab1 Rxc5 25. Rxb7 1/2-1/2

[Event "CP-2013-P-00001"]
[Site "LSS email"]
[Date "2013.09.30"]
[Round "?"]
[White "Ermolaev, Maksim Andreevich"]
[Black "Nin, Ignacio"]
[Result "1-0"]
[WhiteElo "2174"]
[BlackElo "1782"]
[PlyCount "31"]
[EventDate "2013.10.01"]
[EventType "tourn (corr)"]
[EventRounds "6"]
[EventCountry "GER"]
[SourceTitle "Corr 2015"]
[Source "ChessBase"]
[SourceDate "2015.07.17"]
[SourceVersion "1"]
[SourceVersionDate "2015.07.17"]
[SourceQuality "1"]

1. e4 c5 2. Nf3 d6 3. d4 cxd4 4. Nxd4 Nf6 5. Nc3 a6 6. Be3 e5 7. Nb3 Be6 8. h3 Nbd7 9. Qf3 b5 10. g4 h6 11. 0-0-0 Rc8 12. Nd5 Bxd5 13. exd5 Qc7 14. Bd3 Qb7 15. Bf5 g6 16. Bxd7+ 1-0

[Event "CP-2013-P-00001"]
[Site "LSS email"]
[Date "2013.09.30"]
[Round "?"]
[White "Wosch, Arkadiusz Janusz"]
[Black "Ermolaev, Maksim Andreevich"]
[Result "0-1"]
[WhiteElo "2135"]
[BlackElo "2174"]
[PlyCount "68"]
[EventDate "2013.10.01"]
[EventType "tourn (corr)"]
[EventRounds "6"]
[EventCountry "GER"]
[SourceTitle "Corr 2015"]
[Source "ChessBase"]
[SourceDate "2015.07.17"]
[SourceVersion "1"]
[SourceVersionDate "2015.07.17"]
[SourceQuality "1"]

1. e4 c5 2. Nf3 d6 3. d4 cxd4 4. Nxd4 Nf6 5. Nc3 a6 6. Be3 e6 7. f3 b5 8. Qd2 Nbd7 9. g4 b4 10. Na4 h6 11. 0-0-0 Ne5 12. Qxb4 Bd7 13. Nc3 Qc7 14. Qb3 Rb8 15. Qa3 Nc4 16. Bxc4 Qxc4 17. Nb3 d5 18. Bc5 Rxb3 19. axb3 Qxc5 20. Qxa6 Qc6 21. Qxc6 Bxc6 22. exd5 Nxd5 23. Nxd5 Bxd5 24. Rd3 Be7 25. c4 Bb7 26. Kc2 h5 27. g5 Bxg5 28. b4 Ke7 29. b5 Bf4 30. Ra1 Rb8 31. h3 e5 32. Rda3 g5 33. Rf1 e4 34. Re1 f5 0-1

[Event "BI-2013-P-00017"]
[Site "LSS email"]
[Date "2013.04.22"]
[Round "?"]
[White "Ermolaev, Maksim Andreevich"]
[Black "Pech, Jaroslav Sr"]
[Result "1/2-1/2"]
[WhiteElo "2134"]
[BlackElo "1490"]
[PlyCount "97"]
[EventDate "2013.04.25"]
[EventType "tourn (corr)"]
[EventRounds "10"]
[EventCountry "GER"]
[SourceTitle "Telechess CBM 167"]
[Source "ChessBase"]
[SourceDate "2015.07.13"]
[SourceVersion "1"]
[SourceVersionDate "2015.07.13"]
[SourceQuality "1"]

1. e4 c5 2. Nf3 d6 3. d4 cxd4 4. Nxd4 Nf6 5. Nc3 a6 6. Be3 e5 7. Nb3 Be6 8. h3 Be7 9. f4 exf4 10. Bxf4 0-0 11. Qe2 Nbd7 12. g4 h6 13. 0-0-0 Rc8 14. Nd5 Bxd5 15. exd5 Re8 16. Kb1 Nf8 17. Bg3 Ng6 18. c3 Nd7 19. Qg2 Nde5 20. Be2 Bh4 21. Bh2 Bf6 22. Nd2 b5 23. Ne4 Bh4 24. Rd4 Rb8 25. a3 Qd7 26. Rhd1 Bd8 27. Qf1 Bb6 28. R4d2 Be3 29. Rc2 a5 30. Qf5 Qd8 31. Bg3 b4 32. cxb4 axb4 33. a4 Qa5 34. b3 Ne7 35. Qf1 Nxd5 36. Bxe5 Rxe5 37. Bc4 Rxe4 38. Rxd5 Qa7 39. Rf5 Re7 40. Qd3 Bd4 41. Rc1 Rbe8 42. Rd1 Be5 43. h4 Kh8 44. Rf3 Bc3 45. g5 Re1 46. Rxf7 Qg1 47. Rf1 Qh2 48. Qc2 Qxh4 49. gxh6 1/2-1/2

[Event "BI-2013-P-00017"]
[Site "LSS email"]
[Date "2013.04.22"]
[Round "?"]
[White "Polastri, Antonio"]
[Black "Ermolaev, Maksim Andreevich"]
[Result "1/2-1/2"]
[WhiteElo "1828"]
[BlackElo "2134"]
[PlyCount "95"]
[EventDate "2013.04.25"]
[EventType "tourn (corr)"]
[EventRounds "10"]
[EventCountry "GER"]
[SourceTitle "Telechess CBM 167"]
[Source "ChessBase"]
[SourceDate "2015.07.13"]
[SourceVersion "1"]
[SourceVersionDate "2015.07.13"]
[SourceQuality "1"]

1. d4 Nf6 2. c4 e6 3. Nf3 b6 4. g3 Ba6 5. b3 Bb4+ 6. Bd2 Be7 7. Bg2 c6 8. Ne5 d5 9. 0-0 Nfd7 10. Nd3 dxc4 11. bxc4 Bxc4 12. Qc2 Ba6 13. Bc1 0-0 14. Nd2 Nf6 15. Bb2 Bb7 16. Rac1 Qc7 17. Rfe1 Nbd7 18. Bxc6 Rac8 19. Ba4 Qxc2 20. Bxc2 Rfd8 21. f3 Nb8 22. Bb1 Nd5 23. Kf2 Nc6 24. e3 g6 25. a3 b5 26. Nc5 Ba8 27. Bd3 e5 28. dxe5 b4 29. Ndb3 bxa3 30. Bxa3 Rb8 31. Nd4 Nxe5 32. Be2 h5 33. Ra1 Bf6 34. Rac1 Nxe3 35. Kxe3 Ng4+ 36. fxg4 Bxd4+ 37. Kf4 Bf2 38. Rcd1 Bxe1 39. Rxe1 g5+ 40. Ke3 hxg4 41. Bxg4 Re8+ 42. Kf2 Rxe1 43. Kxe1 Rb1+ 44. Kd2 Rh1 45. h3 Rh2+ 46. Ke1 Rg2 47. Nd7 Rxg3 48. Nf6+ 1/2-1/2

[Event "BI-2013-P-00017"]
[Site "LSS email"]
[Date "2013.04.22"]
[Round "?"]
[White "Tittarelli, Adriano"]
[Black "Ermolaev, Maksim Andreevich"]
[Result "0-1"]
[WhiteElo "1042"]
[BlackElo "2134"]
[PlyCount "42"]
[EventDate "2013.04.25"]
[EventType "tourn (corr)"]
[EventRounds "10"]
[EventCountry "GER"]
[SourceTitle "Telechess CBM 167"]
[Source "ChessBase"]
[SourceDate "2015.07.13"]
[SourceVersion "1"]
[SourceVersionDate "2015.07.13"]
[SourceQuality "1"]

1. d4 Nf6 2. Bf4 d5 3. e3 c6 4. Nd2 e6 5. Ngf3 Bd6 6. Ne5 Qc7 7. Ndf3 0-0 8. Bd3 Ne4 9. c3 f6 10. Bxe4 dxe4 11. Rg1 exf3 12. gxf3 fxe5 13. Bh6 Rf7 14. f4 exf4 15. e4 c5 16. e5 Bf8 17. Rc1 Nc6 18. Qg4 cxd4 19. cxd4 Qa5+ 20. Kf1 Nxd4 21. Rc3 Qxe5 0-1

[Event "WC-2017-P-00012"]
[Site "LSS email"]
[Date "2013.02.27"]
[Round "?"]
[White "Ermolaev, Maksim Andreevich"]
[Black "Bendig, Frank"]
[Result "1-0"]
[WhiteElo "2171"]
[BlackElo "2149"]
[PlyCount "117"]
[EventDate "2013.03.03"]
[EventType "tourn (corr)"]
[EventRounds "12"]
[EventCountry "GER"]
[SourceTitle "Telechess CBM 167"]
[Source "ChessBase"]
[SourceDate "2015.07.13"]
[SourceVersion "1"]
[SourceVersionDate "2015.07.13"]
[SourceQuality "1"]

1. d4 Nf6 2. c4 e6 3. Nf3 c6 4. Bf4 Qb6 5. Qc2 c5 6. dxc5 Bxc5 7. e3 Bb4+ 8. Nbd2 0-0 9. Rc1 Be7 10. c5 Qd8 11. a3 Nc6 12. b4 b6 13. b5 Na5 14. cxb6 Bxa3 15. Ra1 Qe7 16. bxa7 Rxa7 17. Bd3 Bb7 18. 0-0 Rc8 19. Qb1 h6 20. Be5 Raa8 21. Bd4 Nd5 22. Bh7+ Kh8 23. Be4 Kg8 24. Qd3 Bc5 25. Bxc5 Rxc5 26. Ra4 Rc3 27. Qd4 Rc5 28. Bxd5 Rxd5 29. Qb2 Qd8 30. Rg4 f6 31. Ra4 Qb6 32. Nd4 e5 33. Nf5 Rxb5 34. Qa3 Qc5 35. Qd3 Rd8 36. Nxh6+ gxh6 37. Qg6+ Kf8 38. Qxf6+ Ke8 39. Rg4 Qf8 40. Qg6+ Ke7 41. f4 e4 42. f5 Ra8 43. Nxe4 Bxe4 44. f6+ Kd8 45. Qxe4 Nc6 46. Rg7 Kc7 47. Qd3 Kb6 48. Rxd7 Rb2 49. f7 Qg7 50. g3 Raa2 51. Rb1 Qf6 52. Qc2 Ra1 53. Rdd1 Rbxb1 54. Qxb1+ Rxb1 55. Rxb1+ Kc7 56. Rf1 Qc3 57. f8Q Qxe3+ 58. Kg2 Qe2+ 59. Rf2 1-0

[Event "WC-2017-P-00012"]
[Site "LSS email"]
[Date "2013.02.27"]
[Round "?"]
[White "Ermolaev, Maksim Andreevich"]
[Black "Shapovalov, Dima"]
[Result "1-0"]
[WhiteElo "2171"]
[BlackElo "1727"]
[PlyCount "99"]
[EventDate "2013.03.03"]
[EventType "tourn (corr)"]
[EventRounds "12"]
[EventCountry "GER"]
[SourceTitle "Telechess CBM 167"]
[Source "ChessBase"]
[SourceDate "2015.07.13"]
[SourceVersion "1"]
[SourceVersionDate "2015.07.13"]
[SourceQuality "1"]

1. d4 d5 2. c4 c6 3. Nc3 Nf6 4. Nf3 e6 5. Bg5 Nbd7 6. e3 Qa5 7. Nd2 Bb4 8. Qc2 0-0 9. a3 dxc4 10. Bxf6 Nxf6 11. Nxc4 Bxc3+ 12. bxc3 Qc7 13. Bd3 g6 14. 0-0 c5 15. a4 b6 16. Ne5 Nd7 17. f4 Bb7 18. Qb2 cxd4 19. cxd4 Nxe5 20. fxe5 Rac8 21. Ra3 Bd5 22. a5 bxa5 23. Qd2 a4 24. Rxa4 Qc3 25. Rd1 Qxd2 26. Rxd2 Rc1+ 27. Kf2 f6 28. exf6 Rxf6+ 29. Kg3 Rf7 30. Ra3 Re1 31. Re2 Rd1 32. Rc2 Kg7 33. Bc4 Rb1 34. Bxd5 exd5 35. Rc5 Rd7 36. Rca5 Rbb7 37. h3 Rbc7 38. Kf4 Rf7+ 39. Ke5 Rcd7 40. Ra6 Rfe7+ 41. Re6 Rf7 42. Rd6 Rf5+ 43. Ke6 Rdf7 44. g4 R7f6+ 45. Kd7 Rf7+ 46. Kc6 Rf3 47. Rxd5 Rxh3 48. Rd7 h5 49. Rxf7+ Kxf7 50. Rxa7+ 1-0

[Event "WC-2017-P-00012"]
[Site "LSS email"]
[Date "2013.02.27"]
[Round "?"]
[White "Rutten, David"]
[Black "Ermolaev, Maksim Andreevich"]
[Result "1/2-1/2"]
[WhiteElo "2203"]
[BlackElo "2171"]
[PlyCount "76"]
[EventDate "2013.03.03"]
[EventType "tourn (corr)"]
[EventRounds "12"]
[EventCountry "GER"]
[SourceTitle "Telechess CBM 167"]
[Source "ChessBase"]
[SourceDate "2015.07.13"]
[SourceVersion "1"]
[SourceVersionDate "2015.07.13"]
[SourceQuality "1"]

1. d4 Nf6 2. c4 e6 3. Nf3 d5 4. Nc3 c6 5. e3 Nbd7 6. Bd3 dxc4 7. Bxc4 b5 8. Bd3 Bb7 9. 0-0 a6 10. e4 c5 11. d5 Qc7 12. dxe6 fxe6 13. Bc2 Bd6 14. Ng5 Nf8 15. f4 0-0-0 16. Qe1 e5 17. Nd5 Bxd5 18. exd5 exf4 19. a4 b4 20. Qe2 c4 21. b3 Nxd5 22. Kh1 Kb8 23. bxc4 Nc3 24. Qe1 Rd7 25. Bd2 Be5 26. Qf2 Ng6 27. Bf5 Bd4 28. Qf3 Nh4 29. Qg4 Nxf5 30. Bxf4 Be5 31. Ne6 Qd6 32. Bxe5 Qxe5 33. Rxf5 Qe4 34. Qg3+ Ka8 35. Re5 Qd3 36. Qf4 Ne2 37. Qf1 Nc3 38. Qf4 Ne2 1/2-1/2

[Event "WC-2017-P-00012"]
[Site "LSS email"]
[Date "2013.02.27"]
[Round "?"]
[White "Sikorski, Roman"]
[Black "Ermolaev, Maksim Andreevich"]
[Result "1/2-1/2"]
[WhiteElo "1780"]
[BlackElo "2171"]
[PlyCount "56"]
[EventDate "2013.03.03"]
[EventType "tourn (corr)"]
[EventRounds "12"]
[EventCountry "GER"]
[SourceTitle "Telechess CBM 167"]
[Source "ChessBase"]
[SourceDate "2015.07.13"]
[SourceVersion "1"]
[SourceVersionDate "2015.07.13"]
[SourceQuality "1"]

1. e4 c6 2. d4 d5 3. Nc3 dxe4 4. Nxe4 Bf5 5. Ng3 Bg6 6. Nf3 Nd7 7. h4 h6 8. h5 Bh7 9. Bd3 Bxd3 10. Qxd3 e6 11. Bd2 Ngf6 12. 0-0-0 Be7 13. Ne4 0-0 14. Kb1 c5 15. dxc5 Qc7 16. Nxf6+ Nxf6 17. g4 Rfd8 18. Qe2 Nh7 19. c4 Qxc5 20. Ne5 Bf6 21. Bc3 Rac8 22. b3 b5 23. b4 Qc7 24. c5 a5 25. a3 axb4 26. axb4 Qa7 27. Qxb5 Ng5 28. Nc6 Qa3 1/2-1/2

[Event "OP-2013-0-02639"]
[Site "LSS email"]
[Date "2013.02.11"]
[Round "?"]
[White "Ermolaev, Maksim Andreevich"]
[Black "Fiser, Otakar"]
[Result "1-0"]
[WhiteElo "2127"]
[BlackElo "1335"]
[PlyCount "87"]
[EventDate "2013.02.09"]
[EventType "tourn (corr)"]
[EventRounds "4"]
[EventCountry "GER"]
[SourceTitle "Telechess CBM 159"]
[Source "ChessBase"]
[SourceDate "2014.03.17"]
[SourceVersion "1"]
[SourceVersionDate "2014.03.17"]
[SourceQuality "1"]
[WhiteTeam "IWEC (Canada)"]

1. e4 c5 2. Nf3 d6 3. d4 cxd4 4. Nxd4 Nf6 5. Nc3 a6 6. Be3 e6 7. Be2 b5 8. Bf3 e5 9. Nf5 Bb7 10. Bg5 h6 11. Bxf6 Qxf6 12. a4 bxa4 13. Rxa4 g6 14. Ne3 Qd8 15. Ncd5 Bg7 16. Rb4 Ra7 17. Nc4 Bc6 18. 0-0 0-0 19. Rb6 Kh8 20. Re1 Kh7 21. Qd2 Bxd5 22. Qxd5 Rd7 23. Bg4 f5 24. exf5 gxf5 25. Bh3 h5 26. Rxd6 Rxd6 27. Nxd6 Rf6 28. Rd1 f4 29. Qxe5 Nc6 30. Qxh5+ Kg8 31. Qd5+ Kh7 32. Bf5+ Rxf5 33. Qxf5+ Kg8 34. Qe6+ Kh7 35. Qe4+ Kg8 36. Qxc6 f3 37. Qd5+ Kh7 38. Qf5+ Kg8 39. Qe6+ Kh7 40. Rd5 Qh4 41. Ne4 Qf4 42. Ng5+ Kh8 43. Rd8+ Bf8 44. Qh6+ 1-0

[Event "OP-2013-0-02639"]
[Site "LSS email"]
[Date "2013.02.11"]
[Round "?"]
[White "Milovanovic, Miroslav"]
[Black "Ermolaev, Maksim Andreevich"]
[Result "0-1"]
[WhiteElo "743"]
[BlackElo "2127"]
[PlyCount "29"]
[EventDate "2013.02.09"]
[EventType "tourn (corr)"]
[EventRounds "4"]
[EventCountry "GER"]
[SourceTitle "Corr 2015"]
[Source "ChessBase"]
[SourceDate "2015.07.17"]
[SourceVersion "1"]
[SourceVersionDate "2015.07.17"]
[SourceQuality "1"]

1. d4 Nf6 2. e3 g6 3. Nf3 Bg7 4. c4 c5 5. Nc3 cxd4 6. exd4 d5 7. cxd5 Nxd5 8. Qb3 Nb6 9. Be3 0-0 10. Rd1 Nc6 11. Be2 Bg4 12. d5 Ne5 13. Nxe5 Bxe2 14. Kxe2 Bxe5 15. Rhe1 0-1

[Event "OP-2013-0-02611"]
[Site "LSS email"]
[Date "2013.01.27"]
[Round "?"]
[White "Dlugolecki, Grzegorz"]
[Black "Ermolaev, Maksim Andreevich"]
[Result "0-1"]
[WhiteElo "1664"]
[BlackElo "2163"]
[PlyCount "56"]
[EventDate "2013.01.24"]
[EventType "tourn (corr)"]
[EventRounds "4"]
[EventCountry "GER"]
[SourceTitle "Telechess CBM 159"]
[Source "ChessBase"]
[SourceDate "2014.03.17"]
[SourceVersion "1"]
[SourceVersionDate "2014.03.17"]
[SourceQuality "1"]
[BlackTeam "IWEC (Canada)"]

1. e4 c5 2. Nf3 d6 3. d4 Nf6 4. Nc3 cxd4 5. Nxd4 h6 6. Bc4 e6 7. Be3 Nc6 8. h3 Be7 9. 0-0 0-0 10. Qd2 a6 11. Be2 Qc7 12. Nxc6 bxc6 13. f4 Bb7 14. Bf3 d5 15. Rad1 Rad8 16. exd5 cxd5 17. Bd4 Ne4 18. Bxe4 dxe4 19. Qe3 Qc6 20. Rf2 Rd7 21. Rfd2 Rfd8 22. Kh2 e5 23. Bxe5 Rxd2 24. Rxd2 Rxd2 25. Qxd2 e3 26. Qe2 Bh4 27. Bd4 Bf2 28. Qg4 g5 0-1

[Event "OP-2013-0-02608"]
[Site "LSS email"]
[Date "2013.01.26"]
[Round "?"]
[White "Ermolaev, Maksim Andreevich"]
[Black "Ilkow, Zbigniew"]
[Result "1-0"]
[WhiteElo "2127"]
[BlackElo "696"]
[PlyCount "51"]
[EventDate "2013.01.21"]
[EventType "tourn (corr)"]
[EventRounds "4"]
[EventCountry "GER"]
[SourceTitle "Telechess CBM 159"]
[Source "ChessBase"]
[SourceDate "2014.03.17"]
[SourceVersion "1"]
[SourceVersionDate "2014.03.17"]
[SourceQuality "1"]
[WhiteTeam "IWEC (Canada)"]

1. e4 c5 2. Nf3 d6 3. d4 cxd4 4. Nxd4 e5 5. Bb5+ Bd7 6. Bxd7+ Qxd7 7. Ne2 Nf6 8. Nbc3 a6 9. Bg5 Be7 10. Qd3 0-0 11. Ng3 h6 12. Bxf6 Bxf6 13. 0-0-0 Rd8 14. Kb1 g6 15. Nd5 Kg7 16. Nb6 Qc6 17. Nxa8 Nd7 18. Qxd6 Qxd6 19. Rxd6 Be7 20. Rd5 b5 21. Rhd1 Rxa8 22. Rxd7 Bf6 23. Rb7 h5 24. Rdd7 Rf8 25. Ra7 Rc8 26. Rxf7+ 1-0

[Event "OP-2013-0-02608"]
[Site "LSS email"]
[Date "2013.01.26"]
[Round "?"]
[White "Ermolaev, Maksim Andreevich"]
[Black "Raines, David T"]
[Result "1-0"]
[WhiteElo "2127"]
[BlackElo "999"]
[PlyCount "35"]
[EventDate "2013.01.21"]
[EventType "tourn (corr)"]
[EventRounds "4"]
[EventCountry "GER"]
[SourceTitle "Corr 2015"]
[Source "ChessBase"]
[SourceDate "2015.07.17"]
[SourceVersion "1"]
[SourceVersionDate "2015.07.17"]
[SourceQuality "1"]

1. e4 c6 2. d4 d5 3. e5 Bf5 4. h4 h6 5. g4 Bd7 6. h5 c5 7. dxc5 e6 8. Be3 Bc6 9. Bd4 a5 10. a3 Nd7 11. b4 axb4 12. axb4 Rxa1 13. Bxa1 b5 14. Bd4 Qa8 15. Nc3 Qb7 16. f4 Ne7 17. Qd3 Nc8 18. Nxb5 1-0

[Event "SA-2012-0-00315"]
[Site "LSS email"]
[Date "2012.11.25"]
[Round "?"]
[White "Khan, Valery"]
[Black "Ermolaev, Maksim Andreevich"]
[Result "1/2-1/2"]
[WhiteElo "2131"]
[BlackElo "2127"]
[PlyCount "55"]
[EventDate "2012.11.11"]
[EventType "tourn (corr)"]
[EventRounds "6"]
[EventCountry "GER"]
[SourceTitle "Telechess CBM 161"]
[Source "ChessBase"]
[SourceDate "2014.07.16"]
[SourceVersion "1"]
[SourceVersionDate "2014.07.16"]
[SourceQuality "1"]

1. e4 c6 2. d4 d5 3. e5 Bf5 4. Nf3 e6 5. Be2 c5 6. 0-0 Nc6 7. c3 cxd4 8. cxd4 Nge7 9. Nc3 Bg4 10. h3 Bxf3 11. Bxf3 Nf5 12. Be3 Be7 13. Qd3 Qd7 14. Bg4 Nxe3 15. fxe3 0-0 16. Rac1 Rac8 17. Be2 a6 18. Qd2 Na5 19. Bd3 Nc4 20. Qe2 b5 21. b3 Na5 22. Qb2 Bg5 23. Qd2 g6 24. Ne2 Rxc1 25. Rxc1 Nc6 26. Rc5 Be7 27. Rc1 Ba3 28. Rf1 1/2-1/2

[Event "RA-2012-0-00242"]
[Site "LSS email"]
[Date "2012.10.19"]
[Round "?"]
[White "Oliveira, Diogo Luiz"]
[Black "Ermolaev, Maksim Andreevich"]
[Result "1/2-1/2"]
[WhiteElo "2148"]
[BlackElo "2163"]
[PlyCount "46"]
[EventDate "2012.09.22"]
[EventType "tourn (corr)"]
[EventRounds "6"]
[EventCountry "GER"]
[SourceTitle "Telechess CBM 159"]
[Source "ChessBase"]
[SourceDate "2014.03.17"]
[SourceVersion "1"]
[SourceVersionDate "2014.03.17"]
[SourceQuality "1"]
[BlackTeam "IWEC (Canada)"]

1. d4 Nf6 2. c4 e6 3. Nc3 Bb4 4. Qc2 d5 5. a3 Bxc3+ 6. Qxc3 0-0 7. Bg5 dxc4 8. Qxc4 b6 9. Nf3 Ba6 10. Qa4 c5 11. dxc5 bxc5 12. Rc1 h6 13. Rd1 Qe7 14. Bh4 Qb7 15. Bxf6 gxf6 16. e3 Bxf1 17. Kxf1 Nc6 18. Rb1 Kh7 19. Ke2 Rg8 20. g3 Rad8 21. Rhc1 Nd4+ 22. exd4 Qe4+ 23. Kf1 Qxf3 1/2-1/2

[Event "RA-2012-0-00242"]
[Site "LSS email"]
[Date "2012.10.19"]
[Round "?"]
[White "Schlotterbeck, Peter"]
[Black "Ermolaev, Maksim Andreevich"]
[Result "1/2-1/2"]
[WhiteElo "2152"]
[BlackElo "2163"]
[PlyCount "78"]
[EventDate "2012.09.22"]
[EventType "tourn (corr)"]
[EventRounds "6"]
[EventCountry "GER"]
[SourceTitle "Telechess CBM 159"]
[Source "ChessBase"]
[SourceDate "2014.03.17"]
[SourceVersion "1"]
[SourceVersionDate "2014.03.17"]
[SourceQuality "1"]
[BlackTeam "IWEC (Canada)"]

1. d4 d5 2. c4 c6 3. Nf3 Nf6 4. e3 e6 5. Nc3 Nbd7 6. Qc2 Bd6 7. Bd3 dxc4 8. Bxc4 b5 9. Bd3 a6 10. Nd2 Be7 11. Nce4 Bb7 12. Nb3 Nxe4 13. Bxe4 Qc7 14. Bd2 f5 15. Bf3 c5 16. dxc5 Bxf3 17. gxf3 Kf7 18. Ke2 Rhc8 19. Rac1 Bxc5 20. Qd3 Qb7 21. Nxc5 Nxc5 22. Qd4 Qd5 23. Qxd5 exd5 24. Rhd1 Ke6 25. h4 Nd7 26. Bc3 Nf6 27. a3 g6 28. Ra1 Rc4 29. Bxf6 Kxf6 30. Rxd5 Rc2+ 31. Rd2 Rac8 32. f4 Kg7 33. Rad1 Rxd2+ 34. Rxd2 Rc1 35. Kf3 Rb1 36. Rd7+ Kh6 37. Ra7 Rxb2 38. Rxa6 Ra2 39. Rb6 Rxa3 1/2-1/2